Statystyki dla Zawody na literę O

Kliknij tutaj aby rozwiązać quiz!

Ogólne statystyki

  • Ten quiz został rozwiązany 66 razy
  • Średni wynik to 5 z 11

Statystyki odpowiedzi

Zawód% Poprawnych
okulista
94%
optyk
62%
ortopeda
55%
onkolog
53%
operator
49%
ornitolog
49%
opiekunka
42%
ochroniarz
38%
ogrodnik
36%
ortodonta
36%
organizator
32%

Rozkład punktacji

Percentyl według liczby udzielonych odpowiedzi

Procent ludzi z każdym wynikiem

Twoja historia wyników

Nie rozwiązałeś tego quizu